000 00418nam a2200181Ia 4500
001 13701
005 20260306164820.0
008 260306t2005||||xx |||||||||||||| ||spa||
041 _aESP
082 _a005.133
_bPHP C73
100 _aCoggeshall, John
_eAUT
245 0 _aLa biblia de PHP 5
260 _c2005
300 _a861 páginas :
_c25 cm.
650 _aGEN
654 _aCCC
942 _cLIB
_dJUS
_fJUS
_2ddc
_n
999 _c13701
_d13701